World Capitals starting with H - Statistics

General Stats
  • This quiz has been taken 45 times
  • The average score is 4 of 5
Answer Stats
Capital % Correct
Helsinki
83%
Hanoi
80%
Harare
77%
Honiara
70%
Havana
67%
No matching quizzes found
Score Distribution
Percent of People with Each Score
Percentile by Number Answered
Your Score History
You have not taken this quiz